| 000 | 00929nam a22002177a 4500 | ||
|---|---|---|---|
| 999 |
_c57135 _d57135 |
||
| 003 | Ge_BSU | ||
| 005 | 20191125165046.0 | ||
| 008 | 191125s2019 ||||| |||| 00| 0 geo d | ||
| 020 | _a9789941816796 | ||
| 041 | _ageo | ||
| 080 | _a373(479.223) ზ-78 | ||
| 100 |
_aზოიძე, აკაკი _92060 |
||
| 245 |
_aსოფლის ჩირაღდანი : _bბრილის სკოლა-90 / _cაკაკი ზოიძე ; თემურ ზოიძე ; რედ. რამაზ სურმანიძე. |
||
| 264 |
_aთბილისი : _bივერიონი, _c2019. |
||
| 300 |
_a203 გვ .: _cილ .; _b20 სმ. |
||
| 653 | _aბრილის სკოლა | ||
| 653 | _aგანათლება | ||
| 700 |
_a ზოიძე, თემურ _95570 |
||
| 700 |
_aსურმანიძე,რამაზ _eრედაქტორი _95571 |
||
| 942 |
_2udc _cBK |
||